[Event "ESP-ch U14 rapid"]
[Site "Salobrena"]
[Date "2023.07.23"]
[Round "7"]
[White "Lorente Melcon, Maximo"]
[Black "Camps Abadia, Arnau"]
[Result "1-0"]
[WhiteElo "1783"]
[BlackElo "1825"]
[PlyCount "63"]
[EventDate "2023.07.22"]
[EventType "swiss (rapid)"]
[EventRounds "9"]
[EventCountry "ESP"]
[SourceTitle "EXT 2024"]
[Source "ChessBase"]
[SourceDate "2023.10.10"]
[SourceVersion "1"]
[SourceVersionDate "2023.10.10"]
[SourceQuality "1"]

1. e4 e6 2. d4 d5 3. e5 c5 4. c3 Nc6 5. Nf3 Bd7 6. Be2 cxd4 7. cxd4 Nge7 8. 0-0 Nf5 9. Be3 Be7 10. Nc3 a6 11. Bd3 Nxe3 12. fxe3 f6 13. exf6 Bxf6 14. Ne5 Qc7 15. Qh5+ g6 16. Nxg6 hxg6 17. Qxg6+ Kd8 18. Qxf6+ Kc8 19. Qxh8+ Nd8 20. Rf8 b5 21. Rxd8+ Qxd8 22. Qxd8+ Kxd8 23. Ne2 Ke7 24. Rc1 Kd6 25. e4 dxe4 26. Bxe4 Rf8 27. Bf3 a5 28. Ng3 b4 29. Ne4+ Ke7 30. Nc5 Bc8 31. Re1 Kd6 32. Nb7+ 1-0

[Event "ESP-ch U14"]
[Site "Salobrena"]
[Date "2023.07.19"]
[Round "5"]
[White "Lazaro Del Arco, Martina"]
[Black "Camps Abadia, Arnau"]
[Result "0-1"]
[WhiteElo "1659"]
[BlackElo "1847"]
[PlyCount "96"]
[EventDate "2023.07.17"]
[EventType "swiss"]
[EventRounds "9"]
[EventCountry "ESP"]
[SourceTitle "EXT 2024"]
[Source "ChessBase"]
[SourceDate "2023.10.10"]
[SourceVersion "1"]
[SourceVersionDate "2023.10.10"]
[SourceQuality "1"]

1. e4 c5 2. Nc3 e6 3. Bc4 Nc6 4. f4 Nge7 5. e5 d5 6. exd6 Nf5 7. Ne4 Nxd6 8. Nxd6+ Bxd6 9. d3 0-0 10. Nf3 Qf6 11. Qd2 e5 12. fxe5 Nxe5 13. 0-0 Nxc4 14. dxc4 b6 15. Qd5 Bg4 16. Bg5 Bxf3 17. Rxf3 Qe5 18. Qxe5 Bxe5 19. c3 f6 20. Bf4 Bxf4 21. Rxf4 Rad8 22. Rf2 Rfe8 23. Kf1 Re4 24. b3 Rd3 25. Rc1 Ree3 26. Re1 Rxc3 27. Rxe3 Rxe3 28. Rd2 Re7 29. Rd8+ Kf7 30. Kf2 Re8 31. Rxe8 Kxe8 32. Kf3 Ke7 33. Kf4 Ke6 34. h4 g6 35. a3 h6 36. Ke4 f5+ 37. Kf4 Kf6 38. b4 g5+ 39. hxg5+ hxg5+ 40. Ke3 a5 41. bxa5 bxa5 42. a4 Ke5 43. g3 g4 44. Kd3 f4 45. gxf4+ Kxf4 46. Ke2 g3 47. Ke1 Ke3 48. Kf1 Kf3 0-1

[Event "ESP-ch U14 Rapid"]
[Site "Salobrena"]
[Date "2022.07.24"]
[Round "9"]
[White "Juan Lepp, Jaime Boris"]
[Black "Camps Abadia, Arnau"]
[Result "1-0"]
[WhiteElo "1532"]
[BlackElo "1382"]
[PlyCount "77"]
[EventDate "2022.07.23"]
[EventType "swiss (rapid)"]
[EventRounds "9"]
[EventCountry "ESP"]
[SourceTitle "EXT 2023"]
[Source "ChessBase"]
[SourceDate "2022.10.05"]
[SourceVersion "1"]
[SourceVersionDate "2022.10.05"]
[SourceQuality "1"]

1. e4 e6 2. d4 d5 3. exd5 exd5 4. Nc3 c6 5. Bd3 Bd6 6. Nge2 Ne7 7. 0-0 Bf5 8. Ng3 Bxd3 9. Qxd3 Nd7 10. Nce2 Qc7 11. b3 0-0-0 12. c4 Ng6 13. cxd5 cxd5 14. Bg5 Kb8 15. Bxd8 Qxd8 16. Nf5 Bc7 17. Rac1 Qf6 18. Ne3 Nf4 19. Nxf4 Qxf4 20. g3 Qf3 21. Qf5 Qxf5 22. Nxf5 g6 23. Nh4 Nf6 24. Rfe1 Ne4 25. f3 Ba5 26. fxe4 Bxe1 27. Rxe1 dxe4 28. Rxe4 f5 29. Re7 Rd8 30. Nf3 h6 31. Re5 Kc7 32. Re7+ Kc8 33. Kf2 g5 34. Ke3 Rf8 35. Ne5 f4+ 36. gxf4 Rxf4 37. d5 Kd8 38. d6 Rf6 39. Nf7+ 1-0

[Event "ESP-ch U14 Rapid"]
[Site "Salobrena"]
[Date "2022.07.24"]
[Round "7"]
[White "Martinez Soriano, Pablo"]
[Black "Camps Abadia, Arnau"]
[Result "0-1"]
[WhiteElo "1606"]
[BlackElo "1382"]
[PlyCount "76"]
[EventDate "2022.07.23"]
[EventType "swiss (rapid)"]
[EventRounds "9"]
[EventCountry "ESP"]
[SourceTitle "EXT 2023"]
[Source "ChessBase"]
[SourceDate "2022.10.05"]
[SourceVersion "1"]
[SourceVersionDate "2022.10.05"]
[SourceQuality "1"]

1. e4 e6 2. d4 d5 3. e5 c5 4. c3 Nc6 5. Nf3 Qb6 6. Be2 Nh6 7. dxc5 Bxc5 8. 0-0 Ng4 9. Qe1 Ngxe5 10. Nxe5 Nxe5 11. Bb5+ Qxb5 12. Qxe5 0-0 13. Nd2 f6 14. Qg3 e5 15. a4 Qc6 16. b4 Bd6 17. Ba3 Bf5 18. Rac1 Qc7 19. h3 e4 20. Qe3 Bh2+ 21. Kh1 Bf4 22. Qe2 Qd7 23. g4 Be6 24. Rg1 Qxa4 25. Bb2 h5 26. f3 hxg4 27. hxg4 Kf7 28. Kg2 e3 29. Nf1 Rh8 30. Rh1 Rxh1 31. Kxh1 Rh8+ 32. Kg1 Qa2 33. Ra1 Qb3 34. Rxa7 Bc8 35. Ra3 Qc4 36. Qxc4 dxc4 37. Nxe3 Bxe3+ 38. Kf1 Rh2 0-1

[Event "ESP-ch U14"]
[Site "Salobrena"]
[Date "2022.07.19"]
[Round "3"]
[White "Camps Abadia, Arnau"]
[Black "Villa Tornero, Alex"]
[Result "0-1"]
[WhiteElo "1782"]
[BlackElo "2106"]
[PlyCount "94"]
[EventDate "2022.07.18"]
[EventType "swiss"]
[EventRounds "9"]
[EventCountry "ESP"]
[SourceTitle "EXT 2023"]
[Source "ChessBase"]
[SourceDate "2022.10.05"]
[SourceVersion "1"]
[SourceVersionDate "2022.10.05"]
[SourceQuality "1"]

1. e4 c5 2. Nc3 e6 3. g3 Nc6 4. Bg2 Nf6 5. f4 d5 6. e5 Ng8 7. Nf3 h5 8. Ne2 Nh6 9. d4 Qb6 10. c3 cxd4 11. Nexd4 Bc5 12. Rb1 Bxd4 13. Nxd4 Nxd4 14. cxd4 Nf5 15. 0-0 Qxd4+ 16. Qxd4 Nxd4 17. Be3 Nc6 18. Bc5 b6 19. Bd6 Ba6 20. Rfd1 g6 21. Rbc1 Rc8 22. Bh3 Ne7 23. Rxc8+ Nxc8 24. Ba3 Bb7 25. Bf1 a6 26. Rc1 Kd7 27. h3 Na7 28. Kf2 Rc8 29. Rxc8 Bxc8 30. g4 hxg4 31. hxg4 Nc6 32. Ke3 g5 33. Bd6 f6 34. fxg5 fxe5 35. Ba3 Ne7 36. Bd3 e4 37. Be2 Ng6 38. b3 e5 39. Bb2 Bb7 40. b4 b5 41. Bd1 Kd6 42. a4 Bc6 43. Ba3 d4+ 44. Ke2 e3 45. axb5 axb5 46. Bb2 Nf4+ 47. Ke1 Nd3+ 0-1